00367nam a22000977a 4500008004100000040005500041080002000096245007800116260006600194300000900260240715b |||||||| |||| 00| 0 eng d aNational Science LibrarycNational Science Library aR 05(430.2)bK7 aSchriftenreihen: bAus den verlagen der deutschen demokratischen republik aHerausageber: bDeutscher Buch Export Und Import Gmbh, c1967 a25p.